000
00331nam a2200133Ia 4500
008
240624s9999 xx 000 0 und d
041
_a
eng
082
_a
100 WAL
100
_a
WALSCH NEALE DONALD
245
_a
CONVERSATIONS WITH GOD 2
260
_c
1997
_a
London
_b
Hodder & Stoughton
300
_a
263 : p. : cm. ; 19
365
_c
RS
999
_c
3818
_d
3818